Regional offices market update (Record no. 119376)
[ view plain ]
| 000 -LEADER | |
|---|---|
| fixed length control field | 01103cad a22002295a 4500 |
| 001 - CONTROL NUMBER | |
| control field | L157012 |
| 008 - FIXED-LENGTH DATA ELEMENTS--GENERAL INFORMATION | |
| fixed length control field | 120813c2010 xxkq eng u |
| 035 ## - SYSTEM CONTROL NUMBER | |
| System control number | (Sirsi) u157012 |
| 041 0# - LANGUAGE CODE | |
| Language code of text/sound track or separate title | eng |
| 110 2# - MAIN ENTRY--CORPORATE NAME | |
| Corporate name or jurisdiction name as entry element | Knight Frank |
| 9 (RLIN) | 1530 |
| 245 00 - TITLE STATEMENT | |
| Title | Regional offices market update |
| Medium | [electronic resource] |
| 260 ## - PUBLICATION, DISTRIBUTION, ETC. | |
| Place of publication, distribution, etc. | London |
| Name of publisher, distributor, etc. | Knight Frank |
| Date of publication, distribution, etc. | 2010 |
| 362 0# - DATES OF PUBLICATION AND/OR SEQUENTIAL DESIGNATION | |
| Dates of publication and/or sequential designation | Q4 2010- |
| 490 #0 - SERIES STATEMENT | |
| Series statement | Knight Frank Regional Offices Market Update |
| Volume/sequential designation | Q4 2010- |
| 520 ## - SUMMARY, ETC. | |
| Summary, etc. | Concise overview of regional office markets featuring key highlights, office gossip, looking ahead, occupier demand, supply and rents, and investment market. Separate market updates are produced for Aberdeen, Birmingham, Bristol, Cardiff, Edinburgh, Glasgow, Leeds, Liverpool, Manchester, Newcastle, and Sheffield. |
| 554 ## - | |
| -- | Quarterly |
| 650 24 - SUBJECT ADDED ENTRY--TOPICAL TERM | |
| Topical term or geographic name entry element | KNIGHT FRANK REGIONAL OFFICES MARKET UPDATE |
| 651 #4 - SUBJECT ADDED ENTRY--GEOGRAPHIC NAME | |
| Geographic name | United Kingdom |
| 690 ## - LOCAL SUBJECT ADDED ENTRY--TOPICAL TERM (OCLC, RLIN) | |
| Topical term or geographic name as entry element | Commercial property |
| 9 (RLIN) | 6227 |
| 856 40 - ELECTRONIC LOCATION AND ACCESS | |
| Uniform Resource Identifier | <a href="https://my.knightfrank.com/research/?regionid=2">https://my.knightfrank.com/research/?regionid=2</a> |
| Public note | View the report (click on UK,commercial, office in the Refine Box, then on title) at my.knightfrank.com |
| 942 ## - ADDED ENTRY ELEMENTS (KOHA) | |
| Suppress in OPAC | 0 |
| Withdrawn status | Lost status | Source of classification or shelving scheme | Damaged status | Not for loan | Home library | Current library | Shelving location | Date acquired | Total Checkouts | Full call number | Barcode | Date last seen | Copy number | Price effective from | Koha item type |
|---|---|---|---|---|---|---|---|---|---|---|---|---|---|---|---|
| Dewey Decimal Classification | London | London | Online | 13/08/2012 | ONLINE PUBLICATION | 157012-1001 | 06/08/2019 | 1 | 06/08/2019 | Book |